| 000 | 00933nam a2200313 a 4500 | ||
|---|---|---|---|
| 003 | AR-BaBNM | ||
| 005 | 20251128205912.0 | ||
| 008 | 082120s2002 ||||||||||||||000 | spa|| | ||
| 020 | _a950-9896-48-9 | ||
| 040 | _cAR-BaBNM | ||
| 100 | 1 | _aLudueña, Mirta | |
| 245 | 0 | 0 |
_aTalleres creativos de mi jardín _blectoescritura, iniciación literaria, producción del discurso |
| 250 | _a1ª ed. | ||
| 260 |
_aBuenos Aires _bEdiciones Docentes Argentinas _c1993 |
||
| 300 |
_a201 p. _bil. |
||
| 504 | _aBibliografía al final del texto | ||
| 650 | 4 | _aLITERATURA INFANTIL | |
| 650 | 4 | _aDISCURSOS | |
| 650 | 4 | _aOBJETIVOS EDUCACIONALES | |
| 650 | 4 | _aACTIVIDADES DE APRENDIZAJE | |
| 653 | _aEDUCACION INICIAL | ||
| 653 | _aJARDINES DE INFANTES | ||
| 653 | _aPROCESO DE ENSEÑANZA-APRENDIZAJE | ||
| 653 | _aLECTOESCRITURA | ||
| 653 | _aTALLERES EDUCATIVOS | ||
| 700 | 1 | _aRolleri, Itatí | |
| 942 | _cBK | ||
| 998 | _cCarmen | ||
| 999 |
_c13214 _d13214 |
||